Монастыри России: паломничество, религиозный туризм (Запись № 1297856)

Подробности
000 -МАРКЕР
контрольное поле 02490nam0a2200445 4500
001 - ИДЕНТИФИКАТОР ЗАПИСИ
контрольное поле RU\NLR\bibl\1723015
005 - ИДЕНТИФИКАТОР ВЕРСИИ
контрольное поле 20260407091039.0
010 ## - МЕЖДУНАРОДНЫЙ СТАНДАРТНЫЙ НОМЕР КНИГИ (ISBN)
Номер (ISBN) 978-5-87555-531-X
Тираж 70
021 ## - НОМЕР ГОСУДАРСТВЕННОЙ РЕГИСТРАЦИИ
Код страны Российская Федерация
Номер 2010-98686
Номер Листа государственной регистраци 6658
035 ## - ДРУГИЕ СИСТЕМНЫЕ НОМЕРА
Идентификатор записи (NLR Aleph) 001713997
100 ## - ДАННЫЕ ОБЩЕЙ ОБРАБОТКИ
Данные общей обработки 20110115d2010 |||y0rusy50 ca
101 0# - ЯЗЫК РЕСУРСА
Язык текста, звукозаписи и т.д. русский
102 ## - СТРАНА ПУБЛИКАЦИИ ИЛИ ПРОИЗВОДСТВА
Страна публикации Российская Федерация
105 ## - ПОЛЕ КОДИРОВАННЫХ ДАННЫХ: ТЕКСТОВЫЕ МАТЕРИАЛЫ, МОНОГРАФИЧЕСКИЕ
Кодированные данные о монографическом текстовом документе abc |||||||||
200 1# - ЗАГЛАВИЕ И СВЕДЕНИЯ ОБ ОТВЕТСТВЕННОСТИ
Основное заглавие Монастыри России: паломничество, религиозный туризм
Сведения, относящиеся к заглавию учебное пособие
Первые сведения об ответственности М-во образования и науки Рос. Федерации, ГОУ ВПО "Ярослав. гос. пед. ун-т им. К.Д. Ушинского" [и др.
Последующие сведения об ответственности А.С. Емельянов]
205 ## - СВЕДЕНИЯ ОБ ИЗДАНИИ
Сведения об издании [Изд. 2-е, испр.]
210 ## - ПУБЛИКАЦИЯ, РАСПРОСТРАНЕНИЕ И ДР.
Место издания, распространения и т.д. Ярославль
Имя издателя, распространителя и т. д. ГОУ ВПО "Ярославский государственный педагогический университет"
Дата издания, распространения и т.д. 2010
215 ## - ФИЗИЧЕСКАЯ ХАРАКТЕРИСТИКА
Специфическое обозначение материала и объем 327 c., [8] л. цв. ил., портр.
Другие сведения о физической характеристике ил., портр., карт.
Размеры 29
300 ## - ОБЩИЕ ПРИМЕЧАНИЯ
Текст примечания Авт. указан на обл.
300 ## - ОБЩИЕ ПРИМЕЧАНИЯ
Текст примечания В надзаг. также: Рус. православ. церковь, Моск. Патриархат, Ярослав. епархиальное упр.
606 1# - НАИМЕНОВАНИЕ ТЕМЫ КАК ПРЕДМЕТ
Наименование темы Монастыри
Географический подзаголовок Россия
Системный номер авторитетной/нормативной записи 1329553
Идентификатор авторитетной/нормативной записи RU\NLR\auth\66552890
606 1# - НАИМЕНОВАНИЕ ТЕМЫ КАК ПРЕДМЕТ
Наименование темы Паломничества
Географический подзаголовок Россия
Системный номер авторитетной/нормативной записи 2079051
Идентификатор авторитетной/нормативной записи RU\NLR\auth\661254921
606 1# - НАИМЕНОВАНИЕ ТЕМЫ КАК ПРЕДМЕТ
Наименование темы Религиозный туризм
Формальный подзаголовок Учебные издания
Географический подзаголовок Российская Федерация
Системный номер авторитетной/нормативной записи 2615286
Идентификатор авторитетной/нормативной записи RU\NLR\AUTH\661551845
606 1# - НАИМЕНОВАНИЕ ТЕМЫ КАК ПРЕДМЕТ
Наименование темы Туристские маршруты
Формальный подзаголовок Учебные издания
Географический подзаголовок Российская Федерация
Системный номер авторитетной/нормативной записи 2107158
Идентификатор авторитетной/нормативной записи RU\NLR\AUTH\661273797
686 1# - ИНДЕКСЫ ДРУГИХ КЛАССИФИКАЦИЙ
Индекс Э372.24-647.2
686 1# - ИНДЕКСЫ ДРУГИХ КЛАССИФИКАЦИЙ
Индекс Э372.24-576
686 1# - ИНДЕКСЫ ДРУГИХ КЛАССИФИКАЦИЙ
Индекс Ч518.113.9религ.4(2Р)я7
686 1# - ИНДЕКСЫ ДРУГИХ КЛАССИФИКАЦИЙ
Индекс Ч518.115(2Р)я7
702 #1 - ИМЯ ЛИЦА - ВТОРИЧНАЯ ОТВЕТСТВЕННОСТЬ
Код отношения Составитель
Материалы, к которым относится поле rus
Графика поля Кириллица
Начальный элемент ввода Емельянов
Часть имени, кроме начального элемента ввода А. С.
Дополнения к именам, кроме дат канд. геогр. наук, туризм
Расширение инициалов личного имени Александр Сергеевич
Идентификатор авторитетной/нормативной записи RU\NLR\auth\773005
Системный номер авторитетной/нормативной записи 113012
712 02 - НАИМЕНОВАНИЕ ОРГАНИЗАЦИИ - ВТОРИЧНАЯ ОТВЕТСТВЕННОСТЬ
Код отношения Прочие
Начальный элемент ввода Ярославский государственный педагогический университет им. К. Д. Ушинского
Идентификатор авторитетной/нормативной записи RU\NLR\AUTH\8815514
Системный номер авторитетной/нормативной записи 304213
801 #0 - ИСТОЧНИК ЗАПИСИ
Страна Российская Федерация
Организация NLR
Дата составления 20110115
Правила каталогизации RCR
801 #1 - ИСТОЧНИК ЗАПИСИ
Страна Российская Федерация
Организация NLR
Дата составления 20110115
942 ## - ДОПОЛНИТЕЛЬНЫЕ ЭЛЕМЕНТЫ ЗАПИСИ (АБИС)
Тип экземпляра АБИС Книга
980 ## - КОЛЛЕКЦИЯ
Название коллекции Национальная библиография
980 ## - КОЛЛЕКЦИЯ
Название коллекции НБР
Экземпляры
Тип экземпляра Дата поступления Источник поступления Библиотека постоянного хранения Библиотека текущего хранения Место хранения Шифр хранения Штрих-код Статус экземпляра
Книга 15.01.2011 Обязательный экземпляр РНБ (Московский) РНБ (Московский) Русский книжный фонд: издания с 1957 года 2011-8/72 1-304463  
Книга 15.01.2011 Обязательный экземпляр РНБ (Московский) РНБ (Московский) Русский книжный фонд: издания с 1957 года 2011-8/72 1-335618